000 00712cam a22002294a 4500
001 000009601
005 20200929161634.0
008 990325s1997 sp 000 1 spa
010 _a99188947
020 _a8476476949
040 _aDO-SdBNP
_cDLC
_dDLC
042 _apcc
082 _a863.64
_bA524p
100 1 _aAmoraga, Carmen,
_d1969-
_924444
245 1 0 _aPara que nada se pierda /
_cCarmen Amoraga.
260 _aSevilla [Spain] :
_bAlgaida,
_cc1997.
300 _a250 p. ;
_c23 cm.
650 4 _aNovela española
_91123
650 4 _aLiteratura española
_9632
856 4 2 _3Publisher description
_uhttp://www.loc.gov/catdir/enhancements/fy0837/99188947-d.html
910 _aCatalogación por copia / LC
999 _c9361
_d9361